000 00493nam a2200193Ia 4500
005 20250923144842.0
008 008 250917s9999 xx 000 0 eng d
037 _aTextual
040 _aDSWL
_beng
_cDSWL
041 _aeng
_2eng
084 _aY2:f, N49
_qDSWL
245 0 _aMethods of family living studies
_cby I.L.O.
260 _aGeneva
_bI.L.O.
_c1949
300 _a63p.
365 _aINR
_b2
925 _g2
942 _cTEXL
_hY2:f, N49
999 _c1444159
_d1444159